000 01052nam a22002537a 4500
001 82266
003 BD-RjUL
005 20231108171108.0
008 231108s2014 bg a|||| m||| 00| 0 eng d
035 _a(BD-RjUL)82266
040 _aBD-RjUL
_beng
_cBD-RjUL
_dBD-RjUL
041 _aeng
082 _223
_a551.49
_bHAE 2014
100 _aHasan, Md. Rashidul
_99976
245 1 0 _aEvaluation of groundwater potentiality and exploitation in Barind area and its impact on environment /
_cSubmitted By Md. Rashidul Hasan ;
_6Principal Supervisor : Md. Golam Mostafa, Co-Supervisor : Iqbal, Matin
260 _aRajshahi :
_bInstitute of Environmental Science, University, of Rajshahi,
_c2014
300 _axiii, 158 leaves :
_bill, ;
_c29.cm.
502 _aThesis (Ph. D.) -- Institute of Environmental Science, University, of Rajshahi, 2014
504 _aReferences : Leaves 92 - 111
650 _aGroundwater
_xGeology
_91359
700 _aMostafa, Md. Golam, Principal Supervisor
_96619
700 _aMatin, Iqbal, Co-Supervisor
_99977
942 _2ddc
_cTHE
999 _c82266
_d82266